[Event "Starogard Gdanski-ch"]
[Site "Starogard Gdanski"]
[Date "2017.11.24"]
[Round "8.5"]
[White "Ossowski, Boleslaw"]
[Black "Kozlowski, Zbigniew"]
[Result "1-0"]
[WhiteElo "1574"]
[BlackElo "1346"]
[PlyCount "114"]
[EventDate "2017.10.06"]
[EventType "tourn"]
[EventRounds "9"]
[EventCountry "POL"]
[SourceTitle "EXT 2023"]
[Source "ChessBase"]
[SourceDate "2022.10.05"]
[SourceVersion "1"]
[SourceVersionDate "2022.10.05"]
[SourceQuality "1"]

1. d4 Nf6 2. c4 d5 3. Nc3 e6 4. Bg5 Be7 5. e3 0-0 6. Nf3 h6 7. Bh4 b6 8. cxd5 Nxd5 9. Nxd5 Bxh4 10. Nxh4 Qxd5 11. Nf3 Bb7 12. Bd3 Nd7 13. Rc1 Rac8 14. b3 Qa5+ 15. Qd2 Qxd2+ 16. Kxd2 Rfd8 17. Ke2 c5 18. Bb5 cxd4 19. Rxc8 Bxc8 20. Nxd4 a6 21. Bxd7 Rxd7 22. Rc1 Bb7 23. f3 e5 24. Nf5 f6 25. Rd1 Rxd1 26. Kxd1 b5 27. Kd2 Kf8 28. Kc3 Bc8 29. Nd6 Bd7 30. Kb4 Ke7 31. Ne4 f5 32. Nc5 Kd6 33. Nxa6 Kd5 34. Nc5 Be8 35. Nd3 e4 36. Ne1 g5 37. Nc2 exf3 38. gxf3 g4 39. fxg4 fxg4 40. Nd4 Ke4 41. Nxb5 Bxb5 42. Kxb5 Kxe3 43. a4 Kf2 44. a5 Kg2 45. a6 Kxh2 46. a7 g3 47. a8Q g2 48. Qb8+ Kh1 49. Qb7 Kh2 50. Qc7+ Kh1 51. Qc6 h5 52. Qe4 Kh2 53. Qh4+ Kg1 54. Qxh5 Kf2 55. Qh2 Kf1 56. b4 g1Q 57. Qxg1+ Kxg1 1-0

[Event "Starogard Gdanski-ch"]
[Site "Starogard Gdanski"]
[Date "2017.11.03"]
[Round "5.2"]
[White "Ossowski, Boleslaw"]
[Black "Wrzos, Waldemar"]
[Result "1/2-1/2"]
[WhiteElo "1574"]
[BlackElo "1630"]
[PlyCount "89"]
[EventDate "2017.10.06"]
[EventType "tourn"]
[EventRounds "9"]
[EventCountry "POL"]
[SourceTitle "EXT 2023"]
[Source "ChessBase"]
[SourceDate "2022.10.05"]
[SourceVersion "1"]
[SourceVersionDate "2022.10.05"]
[SourceQuality "1"]

1. d4 d5 2. c4 Nf6 3. Nc3 e6 4. Nf3 Nbd7 5. Bg5 c6 6. e3 h6 7. Bh4 Be7 8. cxd5 exd5 9. Bd3 0-0 10. 0-0 Nh7 11. Bg3 Re8 12. a3 Ndf6 13. Qc2 Nf8 14. b4 a6 15. Rab1 Nh5 16. Be5 Bg4 17. Be2 Nf6 18. h3 Bh5 19. Rfc1 Rc8 20. a4 Bd6 21. Bxd6 Qxd6 22. Ne5 Bxe2 23. Qxe2 N8d7 24. Nf3 Ne4 25. a5 Qf6 26. Rb2 Re6 27. Rbc2 Rce8 28. Qd3 Qg6 29. Qd1 Qh5 30. Ne2 g5 31. Qf1 Kg7 32. g4 Qg6 33. Qg2 f6 34. Ng3 Nd6 35. Nd2 f5 36. Kf1 Nf6 37. Qf3 fxg4 38. hxg4 Nfe4 39. Nh5+ Kg8 40. Nb3 Rf8 41. Qg2 Nc4 42. Kg1 Re7 43. Ng3 Ncd6 44. Nc5 Nf6 45. Qh3 1/2-1/2

[Event "Starogard Gdanski-ch"]
[Site "Starogard Gdanski"]
[Date "2017.10.13"]
[Round "2.3"]
[White "Gdaniec, Tomasz"]
[Black "Ossowski, Boleslaw"]
[Result "1/2-1/2"]
[WhiteElo "1600"]
[BlackElo "1574"]
[PlyCount "126"]
[EventDate "2017.10.06"]
[EventType "tourn"]
[EventRounds "9"]
[EventCountry "POL"]
[SourceTitle "EXT 2023"]
[Source "ChessBase"]
[SourceDate "2022.10.05"]
[SourceVersion "1"]
[SourceVersionDate "2022.10.05"]
[SourceQuality "1"]

1. e4 d6 2. d4 Nf6 3. Nc3 g6 4. Bc4 c6 5. Nge2 Bg7 6. 0-0 0-0 7. f4 Nbd7 8. e5 dxe5 9. fxe5 Ne8 10. Bg5 Nb6 11. Bb3 a5 12. a4 Nc7 13. Qd2 Ne6 14. Ne4 Nxg5 15. Nxg5 e6 16. Rad1 Bh6 17. h4 Nd5 18. Ng3 Ne7 19. N3e4 Nf5 20. Nf6+ Kg7 21. Qf4 Rh8 22. Rd3 b6 23. Qg4 Bxg5 24. Qxg5 Ba6 25. c4 b5 26. Rdd1 bxc4 27. Bc2 c3 28. bxc3 Bxf1 29. Rxf1 h6 30. Qf4 Qe7 31. Qf2 Kf8 32. g4 Ng7 33. Bxg6 Ra7 34. Bxf7 Qxf7 35. d5 Nf5 36. Qc5+ Kg7 37. dxe6 Qxe6 38. Qxa7+ Ne7 39. Qe3 Ng6 40. Qa7+ Ne7 41. Qf2 Ng6 42. Qf5 Qxf5 43. Rxf5 Ne7 44. Nh5+ Kg8 45. Nf6+ Kg7 46. Rf2 Rd8 47. Kg2 Rd3 48. Rf3 Rd2+ 49. Kg3 Ra2 50. Rf4 Ra3 51. Rc4 Ng6 52. Rxc6 Nxe5 53. Nh5+ Kh7 54. Rc5 Nd3 55. Rxa5 Rxc3 56. Nf6+ Kg6 57. Ne4 Ra3 58. h5+ Kg7 59. Ra7+ Kf8 60. a5 Nc5+ 61. Kf4 Ra4 62. Ra8+ Ke7 63. Ra7+ Ke6 1/2-1/2

[Event "Polanica Zdroj op-B 47th"]
[Site "Polanica Zdroj"]
[Date "2011.??.??"]
[Round "6"]
[White "Solek, Zenon"]
[Black "Ossowski, Boleslaw"]
[Result "1-0"]
[WhiteElo "1883"]
[BlackElo "1694"]
[PlyCount "103"]
[EventDate "2011.08.18"]
[EventType "swiss"]
[EventRounds "9"]
[EventCountry "POL"]
[SourceTitle "CBM 144 Extra"]
[Source "ChessBase"]
[SourceDate "2011.10.28"]
[SourceVersion "1"]
[SourceVersionDate "2011.10.28"]
[SourceQuality "1"]

1. e4 e6 2. d4 b6 3. Nf3 Bb7 4. Bd3 Nf6 5. Qe2 Be7 6. 0-0 h6 7. c4 d6 8. Nc3 Nbd7 9. h3 e5 10. d5 Nc5 11. Bc2 a5 12. Be3 Ncd7 13. Ba4 0-0 14. Nh2 Nc5 15. Bxc5 bxc5 16. Rad1 Bc8 17. Rd3 Bd7 18. Bxd7 Qxd7 19. b3 Nh7 20. Ng4 f5 21. Ne3 f4 22. Nf5 Bf6 23. g3 fxg3 24. fxg3 Kh8 25. Qg4 Qf7 26. h4 h5 27. Qh3 g6 28. Ne3 Qe7 29. Rd2 Bg7 30. Rdf2 Bh6 31. Ncd1 Rxf2 32. Rxf2 Rf8 33. Rxf8+ Qxf8 34. Kg2 Nf6 35. Qe6 Kg7 36. g4 hxg4 37. Nxg4 Nxg4 38. Qxg4 Qf4 39. Qxf4 Bxf4 40. Nc3 Kf7 41. Nb5 Ke7 42. Nxc7 Bd2 43. Ne6 Bh6 44. Kf3 Kd7 45. Kg4 Ke8 46. Ng5 Kd7 47. Ne6 Ke7 48. h5 gxh5+ 49. Kxh5 Bd2 50. Kg6 Be1 51. Ng7 Kd7 52. Kf5 1-0

[Event "Malbork Mayor Cup"]
[Site "Malbork"]
[Date "2010.02.19"]
[Round "7.5"]
[White "Kaluzny, Krzysztof"]
[Black "Ossowski, Boleslaw"]
[Result "1-0"]
[WhiteElo "1604"]
[BlackElo "1726"]
[PlyCount "137"]
[EventDate "2010.02.15"]
[EventType "swiss"]
[EventRounds "9"]
[EventCountry "POL"]
[SourceTitle "EXT 2023"]
[Source "ChessBase"]
[SourceDate "2022.10.05"]
[SourceVersion "1"]
[SourceVersionDate "2022.10.05"]
[SourceQuality "1"]

1. d4 e6 2. c4 b6 3. Nf3 Bb7 4. e3 Nf6 5. Be2 Be7 6. Nc3 d5 7. 0-0 0-0 8. b3 Nbd7 9. Bb2 Rc8 10. Rc1 c5 11. a3 cxd4 12. Nxd4 a6 13. Re1 Ne5 14. cxd5 Nxd5 15. Nxd5 Qxd5 16. Bf1 Bf6 17. e4 Rxc1 18. Qxc1 Qc5 19. Qa1 Rd8 20. b4 Qc7 21. f3 Qb8 22. Kh1 Ng6 23. Rc1 Qf4 24. Ne2 Bxb2 25. Qxb2 Qe3 26. Qc2 Rc8 27. Qd1 Rxc1 28. Qxc1 Qxc1 29. Nxc1 Ne5 30. Kg1 Kf8 31. Kf2 Ke7 32. Ke3 f5 33. exf5 exf5 34. Bd3 g6 35. Kd4 Nc6+ 36. Kc3 b5 37. Nb3 Ne5 38. Nc5 Bc8 39. Be2 Kd6 40. Kd4 g5 41. h3 h6 42. g4 Nc6+ 43. Ke3 fxg4 44. hxg4 Ne5 45. Ne4+ Ke6 46. Kd4 Ng6 47. Bd1 Nf4 48. Bb3+ Ke7 49. Ke5 Nd3+ 50. Kd4 Nf4 51. Kc5 Nd3+ 52. Kb6 Ne5 53. Bd1 Nc4+ 54. Kc7 Be6 55. a4 bxa4 56. Bxa4 Bd5 57. Bc6 Bxc6 58. Kxc6 Ne5+ 59. Kb6 Nxf3 60. Kxa6 Ne5 61. b5 Nxg4 62. b6 Ne5 63. b7 Nd7 64. Ka7 g4 65. Nc5 Ne5 66. Kb6 g3 67. b8Q Nc4+ 68. Ka6 g2 69. Qb7+ 1-0

[Event "Malbork Mayor Cup"]
[Site "Malbork"]
[Date "2010.02.16"]
[Round "3.8"]
[White "Ossowski, Boleslaw"]
[Black "Szymanowski, Igor"]
[Result "1-0"]
[WhiteElo "1726"]
[BlackElo "1348"]
[PlyCount "41"]
[EventDate "2010.02.15"]
[EventType "swiss"]
[EventRounds "9"]
[EventCountry "POL"]
[SourceTitle "EXT 2023"]
[Source "ChessBase"]
[SourceDate "2022.10.05"]
[SourceVersion "1"]
[SourceVersionDate "2022.10.05"]
[SourceQuality "1"]

1. b3 e5 2. Bb2 Nc6 3. e3 Bc5 4. Nf3 d6 5. d4 exd4 6. exd4 Bb6 7. d5 Nb4 8. Bxg7 Ba5 9. c3 Bf5 10. cxb4 Bxb4+ 11. Nbd2 Nf6 12. Bxh8 Bc3 13. Rc1 Bb2 14. Bxf6 Qxf6 15. Rxc7 Ba3 16. Bb5+ Kf8 17. 0-0 Qg6 18. Nh4 Qg5 19. Nxf5 Qxf5 20. Qf3 Qxf3 21. Nxf3 1-0

[Event "Rowy Seniors-ch 15th"]
[Site "Rowy"]
[Date "2009.09.15"]
[Round "8"]
[White "Ossowski, Boleslaw"]
[Black "Niezgoda, Boleslaw"]
[Result "0-1"]
[WhiteElo "1717"]
[BlackElo "1769"]
[PlyCount "57"]
[EventDate "2009.09.08"]
[EventType "swiss"]
[EventRounds "9"]
[EventCountry "POL"]
[SourceTitle "EXT 2010"]
[Source "ChessBase"]
[SourceDate "2010.11.25"]
[SourceVersion "1"]
[SourceVersionDate "2010.11.25"]
[SourceQuality "1"]

1. d4 d5 2. c4 c6 3. cxd5 cxd5 4. Nc3 Nc6 5. Bf4 e6 6. e3 a6 7. a4 Bd7 8. Nf3 Bb4 9. Rc1 Nge7 10. Bd3 0-0 11. 0-0 f6 12. Qb3 Kh8 13. Ne2 a5 14. Nc3 Qe8 15. Nb5 Qh5 16. Bd6 e5 17. dxe5 fxe5 18. Be2 Bg4 19. Qd1 e4 20. Nfd4 Bxe2 21. Nxe2 Bxd6 22. Nxd6 Qe5 23. Nxb7 Rab8 24. Nc5 Nb4 25. Nf4 d4 26. Nfe6 Rb6 27. exd4 Qf5 28. Nc7 Nec6 29. Nb5 0-1

[Event "Tczew-ch"]
[Site "Tczew"]
[Date "2008.10.21"]
[Round "1.5"]
[White "Traczewski, Wojciech"]
[Black "Ossowski, Boleslaw"]
[Result "1-0"]
[WhiteElo "1926"]
[BlackElo "1688"]
[PlyCount "41"]
[EventDate "2008.10.21"]
[EventType "swiss"]
[EventRounds "9"]
[EventCountry "POL"]
[SourceTitle "EXT 2023"]
[Source "ChessBase"]
[SourceDate "2022.10.05"]
[SourceVersion "1"]
[SourceVersionDate "2022.10.05"]
[SourceQuality "1"]

1. e4 c5 2. Nf3 Nc6 3. d4 cxd4 4. Nxd4 Nf6 5. Nc3 e5 6. Ndb5 d6 7. Bg5 a6 8. Na3 b5 9. Bxf6 gxf6 10. Nd5 f5 11. Bxb5 axb5 12. Nxb5 Rb8 13. Nbc7+ Kd7 14. Qh5 Ne7 15. Qxf7 Kc6 16. b4 Nxd5 17. b5+ Kb7 18. Qxd5+ Ka7 19. Qc6 Qd7 20. b6+ Rxb6 21. Qa8# 1-0

[Event "Gdansk op"]
[Site "Gdansk"]
[Date "2008.07.20"]
[Round "2"]
[White "Les, Czeslaw"]
[Black "Ossowski, Boleslaw"]
[Result "1-0"]
[WhiteElo "1944"]
[BlackElo "1691"]
[PlyCount "55"]
[EventDate "2008.07.19"]
[EventType "swiss"]
[EventRounds "9"]
[EventCountry "POL"]
[SourceTitle "EXT 2009"]
[Source "ChessBase"]
[SourceDate "2008.11.26"]
[SourceVersion "1"]
[SourceVersionDate "2008.11.26"]
[SourceQuality "1"]

1. d4 e6 2. c4 b6 3. e4 Bb7 4. Nc3 Bb4 5. Bd3 f5 6. d5 exd5 7. exd5 Qe7+ 8. Nge2 g6 9. 0-0 Na6 10. a3 Bd6 11. Nd4 0-0-0 12. Ncb5 Kb8 13. Re1 Qf6 14. Nf3 h6 15. Bd2 Nc5 16. Bc3 Qf8 17. Bxh8 Nf6 18. Bxf6 Qxf6 19. Nxd6 Qxd6 20. b4 Nxd3 21. Qxd3 Qf4 22. Re7 g5 23. Rae1 g4 24. Nd4 Qg5 25. Qxf5 Qd2 26. Qxg4 h5 27. Qh4 Qc3 28. R7e3 1-0

[Event "Rowy op-A 17th"]
[Site "Rowy"]
[Date "2008.06.16"]
[Round "3.27"]
[White "Ossowski, Boleslaw"]
[Black "Kaliszewski, Tomasz"]
[Result "0-1"]
[WhiteElo "1690"]
[BlackElo "2141"]
[PlyCount "87"]
[EventDate "2008.06.14"]
[EventType "swiss"]
[EventRounds "9"]
[EventCountry "POL"]
[SourceTitle "EXT 2023"]
[Source "ChessBase"]
[SourceDate "2022.10.05"]
[SourceVersion "1"]
[SourceVersionDate "2022.10.05"]
[SourceQuality "1"]

1. d4 d5 2. c4 c6 3. Nf3 Nf6 4. Nc3 e6 5. Bg5 dxc4 6. e4 b5 7. e5 h6 8. Bh4 g5 9. Nxg5 hxg5 10. Bxg5 Nbd7 11. exf6 Qa5 12. Qd2 Ba6 13. Be2 0-0-0 14. 0-0 Bd6 15. g3 b4 16. Ne4 Bc7 17. Qe3 Qf5 18. Qf3 Qxf3 19. Bxf3 e5 20. Nc5 Bb5 21. Nxd7 Rxd7 22. dxe5 Bxe5 23. Bg4 Bxb2 24. Rad1 c5 25. Rfe1 Bd4 26. Re7 b3 27. axb3 cxb3 28. Rxf7 b2 29. Bf5 Kc7 30. Bxd7 Bxd7 31. Re7 a5 32. f7 a4 33. Bh6 a3 34. Ree1 a2 35. f8Q Rxf8 36. Bxf8 Bf5 37. Bh6 b1Q 38. Rxb1 Bxb1 39. Re6 Kd7 40. Re1 a1Q 41. Rxb1 Qxb1+ 42. Kg2 Qc2 43. Kh3 Qxf2 44. Bf4 0-1

[Event "Gdansk Spring"]
[Site "Gdansk"]
[Date "2008.05.17"]
[Round "3.10"]
[White "Ossowski, Boleslaw"]
[Black "Kobus, Sebastian"]
[Result "0-1"]
[WhiteElo "1690"]
[BlackElo "1864"]
[PlyCount "86"]
[EventDate "2008.05.16"]
[EventType "swiss"]
[EventRounds "5"]
[EventCountry "POL"]
[SourceTitle "EXT 2023"]
[Source "ChessBase"]
[SourceDate "2022.10.05"]
[SourceVersion "1"]
[SourceVersionDate "2022.10.05"]
[SourceQuality "1"]

1. d4 d5 2. c4 e6 3. Nc3 Nf6 4. Bg5 Be7 5. e3 b6 6. a3 a5 7. Nf3 0-0 8. Rc1 Bb7 9. Be2 h6 10. Bh4 Nbd7 11. 0-0 dxc4 12. Bxc4 Ne4 13. Bxe7 Qxe7 14. Bd3 Ndf6 15. Ne5 c5 16. dxc5 Nxc5 17. Bb1 Rfd8 18. Qc2 Rac8 19. f3 Ba6 20. Rfd1 Qc7 21. f4 Qe7 22. Rxd8+ Qxd8 23. Rd1 Qe8 24. Qf2 Bb7 25. h3 Rd8 26. Qc2 Nce4 27. Nxe4 Bxe4 28. Qc1 Rc8 29. Qd2 Bxb1 30. Rxb1 Rd8 31. Qc2 Nd5 32. Qb3 a4 33. Qc2 Nxe3 34. Qe4 Nf5 35. Rc1 f6 36. Nc6 Rd6 37. Kh2 Qg6 38. g4 Rd2+ 39. Kg1 Kh7 40. Qxe6 Nh4 41. f5 Rg2+ 42. Kf1 Qg5 43. Qc4 Qe3 0-1

[Event "Pruszcz Gdanski-ch"]
[Site "Pruszcz Gdanski"]
[Date "2008.03.16"]
[Round "7"]
[White "Ossowski, Boleslaw"]
[Black "Kobus, Sebastian"]
[Result "0-1"]
[WhiteElo "1692"]
[BlackElo "1846"]
[PlyCount "106"]
[EventDate "2008.03.01"]
[EventType "swiss"]
[EventRounds "7"]
[EventCountry "POL"]
[SourceTitle "EXT 2023"]
[Source "ChessBase"]
[SourceDate "2022.10.05"]
[SourceVersion "1"]
[SourceVersionDate "2022.10.05"]
[SourceQuality "1"]

1. d4 d5 2. c4 e6 3. Nc3 Nf6 4. Bg5 Be7 5. e3 b6 6. Nf3 Bb7 7. a3 Nbd7 8. b4 c5 9. bxc5 bxc5 10. Rb1 Bc6 11. cxd5 Nxd5 12. Nxd5 Bxd5 13. Bxe7 Qxe7 14. Bb5 cxd4 15. Qxd4 0-0 16. 0-0 Nf6 17. a4 Rfd8 18. Qf4 Ne4 19. Rfc1 Rac8 20. Rxc8 Rxc8 21. Ba6 Bb7 22. Bd3 Nc5 23. Bb5 a6 24. Be2 Ne4 25. Bd3 Nc5 26. Bf1 h6 27. h3 Re8 28. Ne5 f6 29. Nf3 Be4 30. Rb6 e5 31. Qg4 Qd8 32. Rb4 f5 33. Qh5 Kh7 34. Nh4 Rf8 35. Nf3 Qf6 36. Nd2 Bd3 37. Qd1 e4 38. Qc1 Qe7 39. Qc3 Bxf1 40. Kxf1 Nd3 41. Rd4 Qh4 42. Rxd3 exd3 43. Qa3 Rd8 44. a5 Qf6 45. g3 Qc6 46. Kg1 Qd6 47. Qc3 Rb8 48. Nf3 Qd5 49. Nd2 Rb5 50. g4 Rc5 51. Qb2 Rc2 52. Qb4 Rc1+ 53. Nf1 Rxf1+ 0-1

[Event "Pruszcz Gdanski-ch"]
[Site "Pruszcz Gdanski"]
[Date "2008.03.01"]
[Round "1"]
[White "Ossowski, Boleslaw"]
[Black "Witbrodt, Jakub"]
[Result "0-1"]
[WhiteElo "1692"]
[BlackElo "1589"]
[PlyCount "150"]
[EventDate "2008.03.01"]
[EventType "swiss"]
[EventRounds "7"]
[EventCountry "POL"]
[SourceTitle "EXT 2023"]
[Source "ChessBase"]
[SourceDate "2022.10.05"]
[SourceVersion "1"]
[SourceVersionDate "2022.10.05"]
[SourceQuality "1"]

1. d4 d5 2. c4 c6 3. Nf3 Nf6 4. Nc3 e6 5. Bg5 Be7 6. e3 Nbd7 7. Bd3 dxc4 8. Bxc4 Nb6 9. Bd3 Nfd5 10. Bxe7 Qxe7 11. a3 0-0 12. 0-0 Bd7 13. Ne4 Nc8 14. Ne5 f6 15. Nxd7 Qxd7 16. Qh5 Qf7 17. Qh3 f5 18. Nd2 Nd6 19. Rac1 Rfd8 20. Kh1 Qg6 21. Rg1 Nf6 22. f3 Qh5 23. Qg3 Qh6 24. Qf2 Nd5 25. Rge1 Qf6 26. Kg1 e5 27. e4 fxe4 28. dxe5 Qxe5 29. Nxe4 Nxe4 30. Rxe4 Qg5 31. f4 Nxf4 32. Bc4+ Nd5 33. Rd1 Kh8 34. Qe2 Nf6 35. Red4 Rxd4 36. Rxd4 Qc5 37. Qf2 Re8 38. Kf1 Ne4 39. b4 Qxc4+ 40. Rxc4 Nxf2 41. Kxf2 Kg8 42. Rd4 Re7 43. g3 Kf7 44. Kf3 h6 45. h3 Rc7 46. Ke4 Ke7 47. Kf5 Kf7 48. Kf4 Kf6 49. Rd6+ Ke7 50. Rd4 Rd7 51. Re4+ Kd6 52. Re3 c5 53. Rd3+ Kc6 54. Rxd7 Kxd7 55. bxc5 Kc6 56. Kf5 Kxc5 57. Kg6 b5 58. Kxg7 a5 59. Kxh6 b4 60. axb4+ axb4 61. g4 b3 62. g5 b2 63. g6 b1Q 64. g7 Qb3 65. Kg6 Qe6+ 66. Kh7 Qxh3+ 67. Kg8 Kd6 68. Kf8 Qf5+ 69. Ke8 Qe6+ 70. Kf8 Qf6+ 71. Kg8 Ke7 72. Kh7 Qf7 73. Kh8 Qh5+ 74. Kg8 Kf6 75. Kf8 Qf7# 0-1

[Event "Tczew-ch"]
[Site "Tczew"]
[Date "2007.11.29"]
[Round "9.12"]
[White "Ossowski, Boleslaw"]
[Black "Bodio, Leszek"]
[Result "0-1"]
[WhiteElo "1868"]
[BlackElo "2000"]
[PlyCount "90"]
[EventDate "2007.10.02"]
[EventType "swiss"]
[EventRounds "9"]
[EventCountry "POL"]
[SourceTitle "EXT 2023"]
[Source "ChessBase"]
[SourceDate "2022.10.05"]
[SourceVersion "1"]
[SourceVersionDate "2022.10.05"]
[SourceQuality "1"]

1. d4 d5 2. c4 e6 3. Nc3 Be7 4. Nf3 Nf6 5. Bg5 0-0 6. e3 Nbd7 7. Bd3 b6 8. cxd5 Nxd5 9. Bxe7 Qxe7 10. a3 Bb7 11. Qc2 N7f6 12. 0-0 Rac8 13. b4 c5 14. Nxd5 Bxd5 15. bxc5 bxc5 16. dxc5 Rxc5 17. Qe2 Rfc8 18. Nd4 g6 19. e4 Bc4 20. Rfd1 e5 21. Nf3 Bxd3 22. Rxd3 Rc1+ 23. Rxc1 Rxc1+ 24. Ne1 Ra1 25. h3 Rxa3 26. Nf3 Ra4 27. Nd2 Nh5 28. g3 Ra2 29. Qe3 Kg7 30. Kg2 a5 31. Nc4 Nf6 32. Kf3 Qe6 33. Qc5 Qxh3 34. Qxe5 Qh1+ 35. Ke3 Qe1+ 36. Kd4 Qxf2+ 37. Re3 Ra4 38. Qb5 Rb4 39. Qc5 Ng4 40. Kc3 Nxe3 41. Nxe3 Qxg3 42. Kd2 Rxe4 43. Qc3+ Qe5 44. Nc4 Qxc3+ 45. Kxc3 Rxc4+ 0-1

[Event "Tczew-ch"]
[Site "Tczew"]
[Date "2007.11.21"]
[Round "8.10"]
[White "Ziemann, Jaroslaw"]
[Black "Ossowski, Boleslaw"]
[Result "1-0"]
[WhiteElo "2023"]
[BlackElo "1868"]
[PlyCount "117"]
[EventDate "2007.10.02"]
[EventType "swiss"]
[EventRounds "9"]
[EventCountry "POL"]
[SourceTitle "EXT 2023"]
[Source "ChessBase"]
[SourceDate "2022.10.05"]
[SourceVersion "1"]
[SourceVersionDate "2022.10.05"]
[SourceQuality "1"]

1. e4 c5 2. Nf3 Nc6 3. d4 cxd4 4. Nxd4 Nf6 5. Nc3 e5 6. Ndb5 d6 7. Bg5 a6 8. Na3 b5 9. Nd5 Be7 10. Bxf6 Bxf6 11. c3 Bg5 12. Bd3 Be6 13. c4 Qa5+ 14. Kf1 b4 15. Nc2 0-0 16. h4 Bd8 17. b3 Qc5 18. Qd2 Rb8 19. Nce3 g6 20. h5 Bg5 21. Re1 a5 22. Nc7 Bc8 23. Qd1 Nd4 24. Ncd5 Be6 25. g3 f5 26. hxg6 hxg6 27. exf5 Nxf5 28. Nxf5 Bxf5 29. Rh2 Rf7 30. Bxf5 Rxf5 31. Qg4 Kg7 32. Qh3 Rg8 33. Qh7+ Kf8 34. Nc7 Rf6 35. Qd7 Qd4 36. Ne6+ Rxe6 37. Qxe6 Qd3+ 38. Kg1 Qd2 39. Rf1 Bh6 40. c5 dxc5 41. Qxe5 Qg5 42. Qb8+ Kg7 43. Qc7+ Kf6 44. Rd1 Re8 45. Rh4 Re7 46. Qd8 Kg7 47. Kg2 Qf6 48. Qd5 g5 49. Re4 Rf7 50. Qe5 Qxe5 51. Rxe5 Kf6 52. Rxc5 Ra7 53. Rd6+ Kg7 54. Rcc6 a4 55. Rxh6 axb3 56. axb3 Ra3 57. Rhd6 Kf7 58. Rd7+ Ke8 59. Rh7 1-0